| 000 | 00386nam a22001337a 4500 | ||
|---|---|---|---|
| 008 | 250327b |||||||| |||| 00| 0 eng d | ||
| 020 | _a9782035297 | ||
| 050 |
_aNA254.3 _b.C66 |
||
| 100 | _aJEGA, M. Attahiru | ||
| 245 | _aConsolidating the Citadel: Bayero University Kano, 1994-2004 | ||
| 260 |
_aKano _bCentre for Democratic Reach and Training _c2004 |
||
| 300 | _axx757p. | ||
| 942 | _cBK | ||
| 999 |
_c2729 _d2729 |
||